00664nam a2200181 a 450000500170000000800410001702000180005805000230007610000370009924500930013626000500022930000220027952000660030165000320036765000300039965000320042965000210046120140412111237.0010710s19uu xx 00 eng d a0-689-71801-2 aM 811.2bM5N5 1994 aMoore, Clement Clarke, 1779-1863 a'Twas the night before Christmas /cby Clement Clarke Moore; illustrated by Mike Artell. aNew York :bMacmillan Publishing Comp,c1994. a1v. (unp.) ; ill. aThe well-known poem about an important Christmas Eve visitor. aSanta Claus-Juvenile poetry aChristmas-Juvenile Poetry aChildren's poetry, American aNarrative Potery